000 00500 a2200169 4500
003 OSt
005 20240823121620.0
008 231019b |||||||| |||| 00| 0 eng d
020 _a9562661133011
040 _coclc
082 _a954.83
_bKAR/M
100 _aKareem, C K
_92074
245 _aMALABAR VIPLAVAM :
_bcharithra vayanakalkkoramukam /
_cDr. C K Kareem
260 _aMalappuram:
_bBookplus,
_c2021.
300 _a96 p
942 _2ddc
_cBK
_e954.83
_hKAR/M
_i954.83
_kKAR/M
999 _c42635
_d42635